[Event "Titled Tue 20th May Early"]
[Site "chess.com INT"]
[Date "2025.05.20"]
[Round "4"]
[White "Popov, Konstantin"]
[Black "Srinath, Rao S.V."]
[Result "1-0"]
[WhiteTitle "FM"]
[BlackTitle "IM"]
[WhiteElo "2378"]
[BlackElo "2299"]
[WhiteFideId "34137910"]
[BlackFideId "5028876"]
[EventDate "2025.05.20"]

1. e4 e5 2. Nf3 Nc6 3. Bb5 a6 4. Ba4 Nf6 5. O-O Be7 6. d3 d6 7. c3 b5 8. Bc2 O-O
9. Nbd2 Nb8 10. a4 Bb7 11. Re1 c5 12. d4 cxd4 13. cxd4 Nc6 14. d5 Nb4 15. Bb1
bxa4 16. Rxa4 a5 17. Nc4 Qc7 18. b3 Bc8 19. Be3 Bd7 20. Bb6 Qb7 21. Rxa5 Rxa5
22. Bxa5 Ra8 23. Qd2 Na6 24. b4 Nc7 25. Nfxe5 dxe5 26. d6 Be6 27. Qc1 Bxc4 28.
dxe7 Ne6 29. Qxc4 Qxe7 30. Ba2 h5 31. Qc6 Ra7 32. Bxe6 fxe6 33. h3 h4 34. Rd1
Nh5 35. Bd8 Qf7 36. Bxh4 Nf4 37. Bg3 Ne2+ 38. Kh2 Qf6 39. Qe8+ Qf8 40. Qxe6+ Rf7
41. Qxe5 Qxb4 42. Rd8+ Rf8 43. Rxf8+ Kxf8 44. Qd6+ 1-0

[Event "Titled Tue 20th May Early"]
[Site "chess.com INT"]
[Date "2025.05.20"]
[Round "4"]
[White "Brancaleoni, Maurizio"]
[Black "Shuvalov, Evgenij"]
[Result "0-1"]
[WhiteTitle "FM"]
[WhiteElo "2185"]
[BlackElo "1986"]
[WhiteFideId "803022"]
[BlackFideId "4187237"]
[EventDate "2025.05.20"]

1. Nf3 Nf6 2. c4 g6 3. b3 Bg7 4. Bb2 O-O 5. g3 c6 6. Bg2 d5 7. O-O a5 8. Nc3 Re8
9. d4 Bf5 10. Ne5 e6 11. e3 h5 12. Rc1 Ng4 13. Nxg4 hxg4 14. Na4 Nd7 15. cxd5
exd5 16. Nc5 Nxc5 17. Rxc5 Bf8 18. Rc1 Bd6 19. a4 Ra6 20. Bc3 Qe7 21. Qd2 Qd8
22. Rfe1 Ra8 23. Bf1 Be4 24. Bg2 f5 25. Bxe4 fxe4 26. Rb1 Rf8 27. b4 axb4 28.
Bxb4 Bxb4 29. Rxb4 Rf7 30. Reb1 Ra7 31. R1b2 Qc8 32. Qd1 Kg7 33. Qb1 Kh6 34. Qc1
Kg5 35. Qc5 Ra8 36. Qd6 Ra7 37. Qe5+ Qf5 38. Qf4+ Kh5 39. Qb8 b5 40. Qf4 Qe6 41.
Qe5+ Qxe5 42. dxe5 bxa4 43. Ra2 Kg5 44. Raxa4 Kf5 45. Rxa7 Rxa7 46. Rb6 Rc7 0-1

[Event "Titled Tue 20th May Early"]
[Site "chess.com INT"]
[Date "2025.05.20"]
[Round "4"]
[White "Gabrielian, Artur"]
[Black "Nugumanov, Bakhtiyar"]
[Result "1-0"]
[WhiteTitle "GM"]
[BlackTitle "IM"]
[WhiteElo "2419"]
[BlackElo "2305"]
[WhiteFideId "4131002"]
[BlackFideId "13701797"]
[EventDate "2025.05.20"]

1. e4 e5 2. Nf3 Nc6 3. Bc4 Nf6 4. d3 Bc5 5. c3 O-O 6. O-O a5 7. d4 Ba7 8. dxe5
Nxe4 9. Bd5 Nc5 10. Bg5 Ne7 11. Nbd2 h6 12. Bh4 c6 13. Bc4 d5 14. exd6 Qxd6 15.
Nb3 Qxd1 16. Rfxd1 Nf5 17. Nxc5 Bxc5 18. Bd8 b5 19. Bf1 Be6 20. Bc7 Rfc8 21. Bf4
Rd8 22. a3 Ne7 23. Ne5 Rac8 24. b4 Bb6 25. h3 Nd5 26. Bd2 Nf6 27. Be1 Ne4 28.
Rxd8+ Bxd8 29. a4 Bf6 30. Nxc6 Rxc6 31. axb5 Rxc3 32. Bxc3 Bxc3 33. Rxa5 Bxb4
34. Ra8+ Kh7 35. Ra4 Nxf2 36. Rxb4 Nd1 37. b6 Bd5 38. Bd3+ g6 39. b7 Bxb7 40.
Rxb7 Kg7 41. Bc4 Ne3 42. Rxf7+ Kg8 43. Rc7+ Kf8 44. Kf2 Nf5 45. Rf7+ 1-0

[Event "Titled Tue 20th May Early"]
[Site "chess.com INT"]
[Date "2025.05.20"]
[Round "4"]
[White "Sjugirov, Sanan"]
[Black "Dragnev, Valentin"]
[Result "1-0"]
[WhiteTitle "GM"]
[BlackTitle "GM"]
[WhiteElo "2638"]
[BlackElo "2540"]
[WhiteFideId "4189302"]
[BlackFideId "1634852"]
[EventDate "2025.05.20"]

1. d4 d5 2. c4 e6 3. Nc3 c5 4. cxd5 cxd4 5. Qa4+ Bd7 6. Qxd4 exd5 7. Qxd5 Nf6 8.
Qb3 Na6 9. Nf3 Nc5 10. Qc2 Rc8 11. Bg5 h6 12. Bh4 Qb6 13. Bxf6 Qxf6 14. e3 Na4
15. Qe4+ Qe7 16. Qxe7+ Bxe7 17. Nxa4 Bxa4 18. Nd4 Bb4+ 19. Ke2 O-O 20. Kf3 Bc5
21. Bd3 Bxd4 22. exd4 Rfd8 23. Rac1 Bc6+ 24. Be4 Rxd4 25. Bxc6 bxc6 26. Rhe1 Kf8
27. Rc2 c5 28. Re4 Rd5 29. Ra4 Rc7 30. g3 g5 31. h4 Kg7 32. b3 Rf5+ 33. Kg2 gxh4
34. Rxh4 Kg6 35. Rg4+ Rg5 36. Rgc4 a5 37. Ra4 Ra7 38. Rd2 f6 39. Rd6 Re5 40.
Rg4+ Rg5 41. Rf4 Rf5 42. Rxf5 Kxf5 43. Rd5+ Kg6 44. Rxc5 a4 45. Rc4 axb3 46.
axb3 Ra2 47. b4 Rb2 48. Rg4+ Kf5 49. Rf4+ Ke5 50. Kh3 Rb1 51. Kg4 Rh1 52. Rf5+
Ke6 53. Rh5 Rb1 54. b5 Rb4+ 55. f4 Kf7 56. Rc5 Kg6 57. Kf3 Rb3+ 58. Kg2 h5 59.
Kh3 Kh6 60. Kh4 Kg6 61. Rxh5 f5 62. g4 Rxb5 63. g5 Rb4 64. Rh6+ Kg7 65. Kg3 Rb3+
66. Kf2 Rb4 67. Ke3 Rb3+ 68. Kd4 Rb5 69. Rf6 Ra5 70. Rd6 Rb5 71. Rd5 Rb4+ 72.
Ke5 Kg6 73. Rd6+ Kh5 74. Kxf5 Rb5+ 75. Kf6 Kg4 76. g6 Rf5+ 77. Ke7 Kxf4 78. g7
Rg5 79. Kf7 1-0

[Event "Titled Tue 20th May Early"]
[Site "chess.com INT"]
[Date "2025.05.20"]
[Round "4"]
[White "Lyutsinger, Iren"]
[Black "Namitbir, Singh Walia"]
[Result "1-0"]
[WhiteTitle "FM"]
[BlackTitle "FM"]
[WhiteElo "2266"]
[BlackElo "2335"]
[WhiteFideId "34425969"]
[BlackFideId "35071068"]
[EventDate "2025.05.20"]

1. e4 c6 2. d4 d5 3. e5 Bf5 4. h4 h5 5. Bd3 Bxd3 6. Qxd3 Qa5+ 7. Nd2 e6 8. Nf3
Nh6 9. O-O Nf5 10. a4 Qa6 11. c4 Be7 12. b3 Nd7 13. Ba3 Bxa3 14. Rxa3 Rd8 15.
Rc1 O-O 16. Qb1 dxc4 17. bxc4 Nb6 18. a5 Nxd4 19. Nxd4 Rxd4 20. Qb2 Nxc4 21.
Qxd4 Nxa3 22. Nf3 Qxa5 23. Rd1 Nb5 24. Qd7 Qc7 25. Qd2 Qe7 26. Ng5 Nc7 27. Qe2
g6 28. Ne4 Nd5 29. g3 Kg7 30. Rd3 a5 31. Rf3 f5 32. exf6+ Nxf6 33. Ng5 e5 34.
Rb3 b5 35. Rc3 Ng4 36. f3 Qb4 37. Rxc6 Qd4+ 38. Kg2 Qe3 39. Qc2 Qxg5 40. hxg5 1-0

[Event "Titled Tue 20th May Early"]
[Site "chess.com INT"]
[Date "2025.05.20"]
[Round "4"]
[White "Nersisyan, Garnik"]
[Black "Lukiyanchuk, Vladislav"]
[Result "1-0"]
[WhiteTitle "CM"]
[WhiteElo "2035"]
[BlackElo "2299"]
[WhiteFideId "13300741"]
[BlackFideId "14127113"]
[EventDate "2025.05.20"]

1. e4 e6 2. Nc3 d5 3. d3 Nf6 4. g3 dxe4 5. Nxe4 Nxe4 6. dxe4 Qxd1+ 7. Kxd1 Bc5
8. Ke2 Nc6 9. c3 b6 10. f4 Ba6+ 11. Ke1 Bxf1 12. Kxf1 O-O-O 13. Ke2 Rd7 14. Nf3
Rhd8 15. b4 Be7 16. Be3 f5 17. e5 Kb7 18. Rhd1 b5 19. Rxd7 Rxd7 20. a4 a6 21.
axb5 axb5 22. Rd1 Rxd1 23. Kxd1 h6 24. Kc2 Bd8 25. Bc5 Kc8 26. Bf8 g5 27. Bxh6
g4 28. Nd4 Nxd4+ 29. cxd4 Kd7 30. Bf8 Kc6 31. Kd3 Kd5 32. Bc5 c6 33. Ke3 Bc7 34.
Kf2 Kc4 35. Kg2 Kd3 36. h3 Bd8 37. hxg4 fxg4 38. f5 exf5 39. e6 Ke4 40. Kf2 Kd5
41. e7 Bxe7 42. Bxe7 Kxd4 43. Ke2 Ke4 44. Bd6 Kd5 45. Bc7 c5 46. bxc5 Kxc5 47.
Ke3 Kd5 48. Ba5 Kc4 49. Kf4 b4 50. Bxb4 1-0

[Event "Titled Tue 20th May Early"]
[Site "chess.com INT"]
[Date "2025.05.20"]
[Round "4"]
[White "Wernberg, Hugo"]
[Black "Herpai, Jozsef Matyas"]
[Result "1-0"]
[WhiteTitle "FM"]
[BlackTitle "CM"]
[WhiteElo "2247"]
[BlackElo "2056"]
[WhiteFideId "1737511"]
[BlackFideId "786179"]
[EventDate "2025.05.20"]

1. e4 c5 2. Nf3 e6 3. b3 Nc6 4. Bb2 Nh6 5. Nc3 f5 6. d4 cxd4 7. Nxd4 Bc5 8. Nxc6
Qb6 9. Qh5+ Nf7 10. O-O-O Bxf2 11. exf5 bxc6 12. fxe6 dxe6 13. Bd3 g6 14. Qf3
Qe3+ 15. Qxe3 Bxe3+ 16. Kb1 e5 17. Ne4 O-O 18. Bc4 Kg7 19. Rhf1 Bf5 20. Ng3 Bf4
21. Rxf4 Kh6 22. Rff1 Ng5 23. Nxf5+ gxf5 24. Bc1 Kg6 25. Bxg5 Kxg5 26. g3 e4 27.
Rde1 Rad8 28. Kc1 Rf6 29. Rd1 Rdf8 30. Be2 Rh6 31. h4+ Kf6 32. Rd6+ Kg7 33. Rd7+
Rf7 34. Rxf7+ Kxf7 35. Rxf5+ Ke6 36. Rf4 Ke5 37. Kd2 Rg6 38. Rg4 Rd6+ 39. Ke3 h6
40. Rxe4+ Kf5 41. Bg4+ Kf6 42. Re6+ Rxe6+ 43. Bxe6 Kxe6 44. Kf4 Kf6 45. g4 a5
46. g5+ Kg6 47. gxh6 Kxh6 48. Ke5 1-0

[Event "Titled Tue 20th May Early"]
[Site "chess.com INT"]
[Date "2025.05.20"]
[Round "4"]
[White "Saiz Rodriguez, Daniel Evelio"]
[Black "Zepeda Berlanga, Jan Enrique"]
[Result "1-0"]
[WhiteTitle "FM"]
[BlackTitle "CM"]
[WhiteElo "2187"]
[BlackElo "1941"]
[WhiteFideId "3523420"]
[BlackFideId "5132355"]
[EventDate "2025.05.20"]

1. c4 Nf6 2. Nc3 d5 3. cxd5 Nxd5 4. g3 c5 5. Bg2 Nc7 6. d3 Nc6 7. Bxc6+ bxc6 8.
Nf3 Bh3 9. Qa4 Bd7 10. Ne5 Qc8 11. O-O e6 12. b3 f6 13. Nxd7 Qxd7 14. Ba3 e5 15.
Ne4 Ne6 16. Rac1 Nd4 17. Rfe1 Rc8 18. Nxc5 Qg4 19. f3 Qg5 20. Qxa7 Rd8 21. Kf2
Bd6 22. Ne4 Qh6 23. Nxd6+ Rxd6 24. Bxd6 Qxh2+ 25. Ke3 Nf5+ 26. Kd2 Nxd6 27. Qb8+
Kd7 28. Qxh8 Qh6+ 29. e3 Qh2+ 30. Re2 Qxg3 31. Qg8 Nf5 32. Qf7+ Ne7 33. Qc4 h5
34. Qe4 h4 35. d4 h3 36. dxe5 h2 37. e6+ Ke8 38. Qf4 Qg1 39. Rxg1 hxg1=Q 40.
Qb8+ Nc8 41. Qxc8+ Ke7 42. Qd7+ 1-0

[Event "Titled Tue 20th May Early"]
[Site "chess.com INT"]
[Date "2025.05.20"]
[Round "4"]
[White "Sobek, Jaroslav"]
[Black "Beniosev, Daniel"]
[Result "0-1"]
[WhiteTitle "FM"]
[BlackTitle "CM"]
[WhiteElo "2195"]
[BlackElo "2010"]
[WhiteFideId "301388"]
[BlackFideId "11632674"]
[EventDate "2025.05.20"]

1. d4 Nf6 2. c4 e6 3. Bf4 d5 4. Nc3 c6 5. e3 Nbd7 6. Nf3 Be7 7. h3 O-O 8. Qc2 b6
9. cxd5 exd5 10. Bd3 Bb7 11. Rc1 c5 12. O-O a6 13. dxc5 Nxc5 14. Rfd1 Rc8 15.
Qe2 Qe8 16. Bf5 Ra8 17. Nd4 g6 18. Bb1 Qd8 19. b4 Ne6 20. Nxe6 fxe6 21. a3 Qe8
22. Bh6 Rf7 23. Qd2 Rd8 24. Qa2 Bd6 25. Ne2 e5 26. Bg5 Be7 27. Nc3 d4 28. Bxf6
Bxf6 29. Ne4 Bg7 30. Rc7 Bd5 31. Qc2 Bxe4 32. Qxe4 Rxc7 33. Ba2+ Kh8 34. exd4
exd4 35. Qh4 Qe7 36. Qg3 Qe5 37. Qd3 b5 38. Qd2 Re8 39. Bb1 Rce7 40. Bd3 Rf8 41.
Qc2 Qf4 42. g3 Qf3 43. Bf1 Be5 0-1

[Event "Titled Tue 20th May Early"]
[Site "chess.com INT"]
[Date "2025.05.20"]
[Round "4"]
[White "Spangenberg, Hugo"]
[Black "Kosakowski, Jakub"]
[Result "0-1"]
[WhiteTitle "GM"]
[BlackTitle "GM"]
[WhiteElo "2469"]
[BlackElo "2530"]
[WhiteFideId "101966"]
[BlackFideId "1185080"]
[EventDate "2025.05.20"]

1. e4 c6 2. Nf3 d5 3. d3 Bg4 4. h3 Bxf3 5. Qxf3 e6 6. g3 Nd7 7. Bg2 Bc5 8. O-O
Ne7 9. c3 d4 10. a3 dxc3 11. Nxc3 Ne5 12. Qh5 N7g6 13. Rd1 O-O 14. Qe2 f5 15.
exf5 exf5 16. Bf4 Nxf4 17. Qxe5 Bd6 18. Qd4 Nxg2 19. Kxg2 Qc7 20. f4 Rad8 21.
Qxa7 g5 22. Qf2 gxf4 23. gxf4 Bxf4 24. Ne2 Bd6 25. Kh1 Kh8 26. Rg1 f4 27. Qf3
Rde8 28. Raf1 Re3 29. Qg4 f3 30. Nd4 Qf7 31. Nf5 Rxd3 32. Nh6 Qg6 33. Qh4 Qe6
34. Rg4 f2 35. Kg2 Qd5+ 36. Re4 Rg3+ 37. Kh1 Rxh3+ 38. Qxh3 Qxe4+ 39. Qg2 Qh4+ 0-1

[Event "Titled Tue 20th May Early"]
[Site "chess.com INT"]
[Date "2025.05.20"]
[Round "4"]
[White "Tari, Aryan"]
[Black "Badacsonyi, Stanley"]
[Result "1-0"]
[WhiteTitle "GM"]
[BlackTitle "FM"]
[WhiteElo "2636"]
[BlackElo "2289"]
[WhiteFideId "1510045"]
[BlackFideId "486973"]
[EventDate "2025.05.20"]

1. e4 e6 2. d4 d5 3. Nc3 Nf6 4. e5 Nfd7 5. f4 c5 6. Nf3 Nc6 7. Be3 Be7 8. Qd2 a6
9. dxc5 Bxc5 10. Bxc5 Nxc5 11. O-O-O b5 12. Qe3 Qb6 13. Kb1 Rb8 14. h4 b4 15.
Ne2 Ne4 16. Qxb6 Rxb6 17. Rc1 a5 18. Ka1 Ba6 19. h5 h6 20. c3 Bxe2 21. Bxe2 Ng3
22. Rhe1 Nxh5 23. cxb4 Kd7 24. Rxc6 Rxc6 25. Nd4 Rc4 26. Bxc4 dxc4 27. Ne2 g5
28. fxg5 axb4 29. Rh1 Ng7 30. gxh6 Nf5 31. h7 Ke7 32. Nf4 Kf8 33. a4 Kg7 34. a5
Nh6 35. g4 Nxg4 36. Rg1 Ra8 37. Rxg4+ Kxh7 38. Rg5 Rxa5+ 39. Kb1 Kh6 40. Rh5+
Kg7 41. Kc2 Ra2 42. Rg5+ Kh6 43. Rg2 Ra5 44. Re2 Kg5 45. Re4 c3 46. Nd3 cxb2 47.
Rxb4 Kf5 48. Rf4+ Kg5 49. Rxf7 Rb5 50. Rf1 Kg4 51. Rb1 Kf5 52. Rxb2 Rd5 53. Rb4
Kg5 54. Kd2 Kf5 55. Ke3 Ra5 56. Rf4+ Kg5 57. Rf1 Ra4 58. Nc5 Ra3+ 59. Kd4 Ra2
60. Nxe6+ Kg6 61. Nc5 Rd2+ 62. Ke4 Re2+ 63. Kd5 Rd2+ 64. Kc6 Re2 65. e6 1-0

[Event "Titled Tue 20th May Early"]
[Site "chess.com INT"]
[Date "2025.05.20"]
[Round "4"]
[White "Vlassov, Nikolai"]
[Black "Andriienko, Artom"]
[Result "0-1"]
[WhiteTitle "IM"]
[WhiteElo "2291"]
[BlackElo "2153"]
[WhiteFideId "4103360"]
[BlackFideId "34129510"]
[EventDate "2025.05.20"]

1. e4 c5 2. c3 Nf6 3. e5 Nd5 4. d4 cxd4 5. cxd4 Nc6 6. Nc3 Nxc3 7. bxc3 d6 8. f4
dxe5 9. fxe5 Bf5 10. Nf3 e6 11. Bd3 Bxd3 12. Qxd3 Be7 13. O-O O-O 14. Rb1 b6 15.
Rb2 Rc8 16. Rbf2 Na5 17. Bd2 Nc4 18. Be1 Qd5 19. h4 h6 20. Qe2 b5 21. g3 a5 22.
Nh2 b4 23. Qh5 f5 24. Re2 bxc3 25. Bxc3 Ne3 26. Rxe3 Rxc3 27. Rxc3 Qxd4+ 28. Kg2
Qxc3 29. Nf3 Kh7 30. Ng5+ Bxg5 31. hxg5 Qd2+ 32. Rf2 Qxg5 33. Qd1 Rd8 34. Qb3
Rd5 35. Re2 f4 36. Qc2+ Kh8 37. Qc8+ Rd8 38. Qc3 Qg4 39. Re4 f3+ 40. Qxf3 Rd2+
41. Kg1 Qxf3 42. Re2 Rxe2 0-1

[Event "Titled Tue 20th May Early"]
[Site "chess.com INT"]
[Date "2025.05.20"]
[Round "4"]
[White "Fieberg, Samuel"]
[Black "Viskelis, Darius"]
[Result "1-0"]
[WhiteTitle "FM"]
[BlackTitle "FM"]
[WhiteElo "2157"]
[BlackElo "2165"]
[WhiteFideId "12901717"]
[BlackFideId "12800830"]
[EventDate "2025.05.20"]

1. Nc3 c5 2. Nb1 Nc6 3. Nc3 d5 4. Nb1 e5 5. d3 Nf6 6. Nd2 Be7 7. Nb1 O-O 8. e3
Be6 9. c3 Qd7 10. h3 Rad8 11. Nd2 d4 12. e4 dxc3 13. bxc3 g6 14. Ngf3 c4 15.
dxc4 Nxe4 16. Qc2 Bf5 17. Qb2 Bc5 18. Be2 Bxf2+ 19. Kf1 Ng3+ 20. Kxf2 Nxh1+ 21.
Kg1 Ng3 22. Nf1 Nxe2+ 23. Qxe2 Bd3 24. Qf2 Bxc4 25. Bh6 Rfe8 26. Ne3 Bd3 27.
Nxe5 Qe6 28. Nf3 f5 29. c4 Ne5 30. Ng5 Qd7 31. Nd5 Qc6 32. Qd4 Bxc4 33. Ne7+
Rxe7 34. Qxd8+ Qe8 35. Qd4 b5 36. Kh1 Qd7 37. Qc5 Qc7 38. Qb4 a6 39. Re1 Nc6 40.
Rxe7 Qxe7 41. Qc3 Qe5 42. Qd2 Qd4 43. Qe1 Qe5 44. Qd2 Nd4 45. Nf3 Qe2 46. Qxd4
Qe1+ 47. Kh2 1-0

[Event "Titled Tue 20th May Early"]
[Site "chess.com INT"]
[Date "2025.05.20"]
[Round "4"]
[White "Gholami Orimi, Mahdi"]
[Black "Mohammadi, Melika"]
[Result "1-0"]
[WhiteTitle "GM"]
[BlackTitle "WFM"]
[WhiteElo "2511"]
[BlackElo "2205"]
[WhiteFideId "12558486"]
[BlackFideId "42529271"]
[EventDate "2025.05.20"]

1. f4 Nf6 2. g3 d5 3. Nh3 g6 4. Nf2 Bg7 5. Bg2 c5 6. O-O Nc6 7. d3 O-O 8. e4
dxe4 9. dxe4 e5 10. c3 exf4 11. gxf4 Be6 12. Qf3 Re8 13. Be3 Qe7 14. Nd2 Rad8
15. Rae1 Na5 16. b3 b6 17. c4 Bc8 18. e5 Nh5 19. Nde4 Bb7 20. Qh3 Bc8 21. Qf3
Bb7 22. Qe2 Nc6 23. Nd6 Rxd6 24. exd6 Qxd6 25. Qd2 Qc7 26. f5 Rd8 27. Qe2 Nd4
28. Bxd4 Bxd4 29. fxg6 hxg6 30. Qe7 Rd7 31. Qe8+ Kg7 32. Bxb7 Qxb7 33. Qe4 Qc7
34. Kh1 Rd6 35. Ng4 Qd7 36. Ne5 Bxe5 37. Qxe5+ Kg8 38. Qe8+ Qxe8 39. Rxe8+ Kg7
40. Re7 Rd2 41. Rexf7+ Kh6 42. Rxa7 Ng7 43. Ra6 Nf5 44. Rxb6 Ne3 45. Rg1 Rxa2
46. Rbxg6+ Kh7 47. R6g3 1-0

[Event "Titled Tue 20th May Early"]
[Site "chess.com INT"]
[Date "2025.05.20"]
[Round "4"]
[White "Bahmani, Koorosh"]
[Black "Santos, Rafael Ventura Dos"]
[Result "1-0"]
[WhiteTitle "CM"]
[BlackTitle "FM"]
[WhiteElo "2208"]
[BlackElo "2113"]
[WhiteFideId "42576750"]
[BlackFideId "2122227"]
[EventDate "2025.05.20"]

1. Nf3 Nf6 2. g3 g6 3. Bg2 Bg7 4. O-O Kf8 5. d4 d6 6. Re1 h6 7. e4 Nbd7 8. e5
dxe5 9. dxe5 Ng4 10. e6 fxe6 11. Nd4 Bxd4 12. Qxd4 Ngf6 13. Rxe6 c6 14. Nc3 Qb6
15. Qd1 Nc5 16. Re1 Bg4 17. Qd4 Rd8 18. Qf4 g5 19. Qe5 Ne6 20. Be3 Qc7 21. Qxc7
Nxc7 22. Bxa7 Rd2 23. Bc5 Ne6 24. Ba3 Kf7 25. h3 Bh5 26. Re5 Rhd8 27. Rae1 Nd4
28. Rxe7+ Kg8 29. g4 Bg6 30. Rxb7 Nxc2 31. Ree7 Nxa3 32. Rg7+ Kf8 33. Rxg6 R2d6
34. bxa3 Nd5 35. Rxd6 Rxd6 36. Nxd5 cxd5 37. Rb3 Ra6 38. Bxd5 Rd6 39. Rf3+ Ke7
40. Bb3 Rd2 41. a4 Kd6 42. a5 Rd4 43. a6 Kc7 44. a7 Kb7 45. Rf7+ Ka8 46. Kg2 Rd8
47. Bc2 Rd7 48. Rxd7 1-0

[Event "Titled Tue 20th May Early"]
[Site "chess.com INT"]
[Date "2025.05.20"]
[Round "4"]
[White "Nihal, Sarin"]
[Black "Pakleza, Zbigniew"]
[Result "1-0"]
[WhiteTitle "GM"]
[BlackTitle "GM"]
[WhiteElo "2693"]
[BlackElo "2484"]
[WhiteFideId "25092340"]
[BlackFideId "1119290"]
[EventDate "2025.05.20"]

1. h3 d5 2. c3 Nf6 3. d4 Bf5 4. Qb3 Qc8 5. g4 Be4 6. f3 Bg6 7. Bf4 e6 8. Na3 a6
9. e3 c5 10. Ne2 Nc6 11. h4 h5 12. g5 Nd7 13. Bg3 c4 14. Qd1 Bd3 15. Bg2 b5 16.
Nf4 Bd6 17. Kf2 Qc7 18. Nc2 Nb6 19. Ne1 Bf5 20. Qd2 g6 21. e4 dxe4 22. fxe4 Bg4
23. e5 Be7 24. Nc2 Rd8 25. Ne3 Nxe5 26. Qe1 Nbd7 27. Rf1 Qb6 28. dxe5 Nxe5 29.
Kg1 Bc5 30. Bf2 Nf3+ 31. Bxf3 Bxf3 32. Neg2 O-O 33. Bxc5 Qxc5+ 34. Qe3 Qxe3+ 35.
Nxe3 Be4 36. Rad1 Kg7 37. Kf2 Bd3 38. Nxd3 cxd3 39. Ke1 Rd7 40. Kd2 Rfd8 41. Rf6
a5 42. Rdf1 b4 43. cxb4 axb4 44. R1f4 Ra7 45. Rxb4 Rdd7 46. a3 Rac7 47. Rb3 1-0

[Event "Titled Tue 20th May Early"]
[Site "chess.com INT"]
[Date "2025.05.20"]
[Round "4"]
[White "Ter-Sahakyan, Samvel"]
[Black "Kozak, Antoni"]
[Result "1-0"]
[WhiteTitle "GM"]
[WhiteElo "2611"]
[BlackElo "2426"]
[WhiteFideId "13302531"]
[BlackFideId "21832030"]
[EventDate "2025.05.20"]

1. d4 Nf6 2. c4 b6 3. Nc3 Bb7 4. Qc2 Nc6 5. Nf3 Nb4 6. Qb1 Bxf3 7. gxf3 e6 8.
Bg2 g6 9. f4 Rb8 10. a3 Nc6 11. d5 Ne7 12. e4 Bh6 13. Qd3 O-O 14. Be3 Nh5 15.
Ne2 f5 16. e5 d6 17. Nd4 dxe5 18. Nxe6 e4 19. Qc3 Qd6 20. Nxf8 Rxf8 21. O-O-O
Nxf4 22. Bf1 Bg7 23. Qc2 Be5 24. Kb1 Qf6 25. h4 h5 26. Rg1 Qxh4 27. c5 bxc5 28.
Bxc5 Rb8 29. b4 a5 30. Bc4 Kh7 31. b5 Qf6 32. a4 Nc8 33. Ka2 Nb6 34. Bb3 Rd8 35.
d6 Bxd6 36. Bxd6 cxd6 37. Qc7+ Nd7 38. Rxd6 Qe7 39. Rgd1 Nd3 40. R1xd3 exd3 41.
Rxd3 Kh6 42. Qc1+ Kh7 43. Qd2 h4 44. b6 Kh8 45. b7 Qb4 46. Qh6# 1-0

[Event "Titled Tue 20th May Early"]
[Site "chess.com INT"]
[Date "2025.05.20"]
[Round "4"]
[White "Paduano, Claudio"]
[Black "Zaksaite, Salomeja"]
[Result "0-1"]
[WhiteTitle "FM"]
[BlackTitle "WGM"]
[WhiteElo "2249"]
[BlackElo "2119"]
[WhiteFideId "2806393"]
[BlackFideId "12801496"]
[EventDate "2025.05.20"]

1. d4 Nf6 2. c4 g6 3. Nc3 Bg7 4. e4 d6 5. Be2 O-O 6. Nf3 Nbd7 7. O-O e5 8. Be3
Re8 9. d5 Ng4 10. Bg5 f6 11. Bd2 f5 12. exf5 gxf5 13. Ng5 Nf8 14. Bxg4 fxg4 15.
Qe2 Bf5 16. f3 gxf3 17. Qxf3 Bg6 18. Nce4 Qe7 19. h4 h6 20. h5 Bxe4 21. Nxe4 Nh7
22. Qg4 Kh8 23. Qg6 Nf8 24. Qf7 Qxf7 25. Rxf7 Rac8 26. Ng3 Nh7 27. Nf5 Rf8 28.
Rxf8+ Rxf8 29. Nxh6 Nf6 30. g4 Ne4 31. Be3 Rf3 32. Nf5 Nf6 33. Kg2 e4 34. g5
Nxh5 35. Nxg7 Kxg7 36. Bd4+ Kg6 37. Bf6 Nf4+ 38. Kh2 Nd3 39. Rg1 e3 0-1

[Event "Titled Tue 20th May Early"]
[Site "chess.com INT"]
[Date "2025.05.20"]
[Round "4"]
[White "Micic, Aleksa"]
[Black "Deveci, Huseyin Said"]
[Result "0-1"]
[WhiteTitle "FM"]
[BlackTitle "CM"]
[WhiteElo "2191"]
[BlackElo "2212"]
[WhiteFideId "989940"]
[BlackFideId "26322455"]
[EventDate "2025.05.20"]

1. e4 e5 2. Nc3 Nc6 3. g3 h5 4. h3 h4 5. g4 Nge7 6. Nge2 Ng6 7. d3 Bc5 8. Bg2 d6
9. O-O Be6 10. Nd5 Qd7 11. Kh2 O-O-O 12. c3 Bxd5 13. exd5 Nce7 14. b4 Bb6 15. a4
a6 16. c4 f5 17. gxf5 Nxf5 18. Nc3 Bd4 19. Bd2 Nf4 20. Bxf4 exf4 21. Rc1 Ng3 22.
Re1 Bxf2 23. Re6 Bd4 24. Ne4 Nf5 25. Bf3 Kb8 26. Ng5 Be5 27. c5 Nd4 28. c6 bxc6
29. dxc6 Qc8 30. Re7 Bf6 31. Bg4 Bxg5 32. Bxc8 Bxe7 33. Bxa6 f3 34. Rc4 Bf6 35.
Rxd4 Bxd4 36. Bb7 Be5+ 37. Kg1 Rh6 38. Qxf3 Rg6+ 39. Kh1 Rf6 40. Qd5 Rdf8 41. d4
Rf1+ 42. Kg2 R8f2# 0-1

[Event "Titled Tue 20th May Early"]
[Site "chess.com INT"]
[Date "2025.05.20"]
[Round "4"]
[White "Shevchenko, Yaroslav"]
[Black "Rao, Anjaneya Sripathy"]
[Result "0-1"]
[BlackTitle "CM"]
[WhiteElo "2137"]
[BlackElo "2173"]
[WhiteFideId "34144684"]
[BlackFideId "30954770"]
[EventDate "2025.05.20"]

1. e4 e6 2. d4 d5 3. e5 c5 4. c3 Nc6 5. Nf3 Qb6 6. Be2 cxd4 7. cxd4 Nh6 8. Bxh6
Qxb2 9. Nbd2 gxh6 10. O-O Nxd4 11. Rb1 Nxf3+ 12. Nxf3 Qxa2 13. Bb5+ Kd8 14. Nd4
a6 15. Qh5 axb5 16. Qxf7 Be7 17. Rbc1 Qa6 18. Rfd1 Bd7 19. Nf5 Re8 20. Nxh6 Bg5
21. Ng8 Bxc1 22. Rxc1 Qc6 23. Qf6+ Kc7 24. Rxc6+ bxc6 25. h4 Rxg8 26. Qe7 Raf8
27. Qxh7 Rg4 28. h5 Rgg8 29. Qe7 Re8 30. Qd6+ Kb7 31. Qxd7+ Kb6 32. h6 b4 33.
Qd6 Kb5 34. Kf1 b3 35. Qa3 Kc4 36. Ke2 Ra8 37. Qc1+ Kb5 38. Qc3 Ra3 39. g3 c5
40. Qb2 Ra2 41. h7 Rh8 42. Kd3 Rxb2 43. Kc3 Rxf2 44. Kxb3 Rf3+ 45. Kc2 Rxg3 46.
Kd1 Rxh7 47. Ke2 Rh2+ 48. Kf1 Ra3 49. Kg1 Rb2 50. Kh1 Ra1# 0-1

[Event "Titled Tue 20th May Early"]
[Site "chess.com INT"]
[Date "2025.05.20"]
[Round "4"]
[White "Kawka, Milena"]
[Black "Chelly, Yahya"]
[Result "1-0"]
[WhiteTitle "WCM"]
[BlackTitle "CM"]
[WhiteElo "2004"]
[BlackElo "2039"]
[WhiteFideId "21095167"]
[BlackFideId "5516200"]
[EventDate "2025.05.20"]

1. e4 c6 2. d4 d5 3. e5 Bf5 4. h4 h5 5. Bd3 Bxd3 6. Qxd3 e6 7. Nf3 Qa5+ 8. Nbd2
Qa6 9. c4 Ne7 10. O-O Nf5 11. b3 Be7 12. g3 Nd7 13. a4 Rd8 14. Ba3 Bxa3 15. Rxa3
Nb6 16. Qc3 dxc4 17. bxc4 O-O 18. a5 Na8 19. Ne4 c5 20. Nxc5 Qc6 21. Nb3 b6 22.
Nbd2 b5 23. cxb5 Qxc3 24. Rxc3 Nxd4 25. Nxd4 Rxd4 26. Nf3 Rb4 27. Rc5 Rb8 28.
Rfc1 Kh7 29. Ng5+ Kg6 30. Rc8 R4xb5 31. Rxb8 Rxb8 32. Rc6 Rb1+ 33. Kg2 Rb5 34.
Rc8 Rxe5 35. Rxa8 Rxa5 36. Nf3 Ra2 37. Ng5 a5 38. Ne4 a4 39. Nc3 Ra3 40. Nxa4 f6
41. Nb6 Rb3 42. Nc4 e5 43. Ne3 Rc3 44. Ra6 Rc7 45. Nd5 Kf5 46. Nxc7 1-0